| 000 | 00476cam a22002052a 4500 | ||
|---|---|---|---|
| 001 | 013563 | ||
| 003 | AR-FADEU | ||
| 008 | 311216n1979####xxu####################dd | ||
| 020 | _a0-671-83444-4 | ||
| 092 |
_a813.54 _bD556 |
||
| 100 | _aDidion, Joan | ||
| 245 | _aThe white album | ||
| 260 | _aNew York | ||
| 260 | _bPocket Books | ||
| 260 | _c1979 | ||
| 300 | _a221 p | ||
| 650 | _aLITERATURA NORTEAMERICANA-SIGLO XX; NOVELAS | ||
| 546 | _aInglés | ||
| 942 | _cBDGR | ||
| 999 |
_c19330 _d19330 |
||